Diseño de un sistema para la recuperación de solventes orgánicos después de su utilización en el proceso flexográfico de impresión con tintas aplicado a una empresa nacional
Sábháilte in:
| Príomhchruthaitheoir: | |
|---|---|
| Formáid: | LEABHAR |
| Foilsithe / Cruthaithe: |
San José, C.R
2000
|
| Ábhair: | |
| Clibeanna: |
Cuir clib leis
Níl clibeanna ann, Bí ar an gcéad duine le clib a chur leis an taifead seo!
|
MARC
| LEADER | 00000nam a2200000Ia 4500 | ||
|---|---|---|---|
| 003 | 010206 | ||
| 005 | 20221231144205.0 | ||
| 008 | 140114s2000 cr a m 000 ||s d | ||
| 040 | |c cru CEDI | ||
| 090 | |a TFG 4227 | ||
| 100 | |a Jiménez Masís, Yineth |9 7989 | ||
| 245 | |a Diseño de un sistema para la recuperación de solventes orgánicos después de su utilización en el proceso flexográfico de impresión con tintas aplicado a una empresa nacional | ||
| 260 | |c 2000 |a San José, C.R | ||
| 300 | |a viii, 160 hojas : ilustraciones (algunas a color) | ||
| 500 | |a Proyecto de graduación (licenciatura en ingeniería química)--Universidad de Costa Rica. Facultad de Ingeniería. Escuela de Ingeniería Química | ||
| 650 | |x DISOLVENTES ORGANICOS |x IMPACTO AMBIENTAL |x ANALISIS |x PROTECCION DEL MEDIO AMBIENTE |x COSTA RICA |9 7990 | ||
| 942 | |c TFG | ||
| 999 | |c 18210 |d 18210 | ||
